Mathematics and Statistics (Record no. 4460)

MARC details
000 -LEADER
fixed length control field 00351nam a2200157Ia 4500
003 - CONTROL NUMBER IDENTIFIER
control field OSt
008 - FIXED-LENGTH DATA ELEMENTS--GENERAL INFORMATION
fixed length control field 191201s2007 xx 000 0 und d
082 ## - DEWEY DECIMAL CLASSIFICATION NUMBER
Classification number 519.5
Item number GOM
100 ## - MAIN ENTRY--PERSONAL NAME
Personal name GOEL, Ajay
245 #0 - TITLE STATEMENT
Title Mathematics and Statistics
250 ## - EDITION STATEMENT
Edition statement 4th Rep
260 ## - PUBLICATION, DISTRIBUTION, ETC. (IMPRINT)
Place of publication, distribution, etc New Delhi
Name of publisher, distributor, etc Taxmann,s
Date of publication, distribution, etc 2007
300 ## - PHYSICAL DESCRIPTION
Extent MISC
650 ## - SUBJECT ADDED ENTRY--TOPICAL TERM
Topical term or geographic name as entry element BBA
942 ## - ADDED ENTRY ELEMENTS (KOHA)
Source of classification or shelving scheme Dewey Decimal Classification
Koha item type Text Books
Holdings
Withdrawn status Lost status Source of classification or shelving scheme Damaged status Not for loan Collection code Home library Current library Date acquired Source of acquisition Cost, normal purchase price Bill Number Total Checkouts Full call number Acc. no. / Barcode Date last seen Bill Date Koha item type Date last borrowed
    Dewey Decimal Classification     BBA PIET C-LIBRARY PIET C-LIBRARY 26/04/2010 J B C, New Delhi 350.00 SI-4892   519.5 GOM 15076 04/12/2019 09/03/2010 Reference Books  
    Dewey Decimal Classification     BBA PIET C-LIBRARY PIET C-LIBRARY 26/04/2010 J B C, New Delhi 350.00 SI-4892 1 519.5 GOM 15077 16/02/2023 09/03/2010 Text Books 07/02/2023
    Dewey Decimal Classification     BBA PIET C-LIBRARY PIET C-LIBRARY 26/04/2010 J B C, New Delhi 350.00 SI-4892   519.5 GOM 15078 04/12/2019 09/03/2010 Text Books  

Design & Developed by: PIET Central Library
R70 Miles Stone Pattikalyana Samalkha Panipat 132102
mail ID :- [email protected], Phone No:- 0180-2569700 Ex.216